| 000 | 00476nam a2200169Ia 4500 | ||
|---|---|---|---|
| 008 | 100304t2003 xxu||||| |||| 00| 0 sin d | ||
| 041 | _asin | ||
| 080 |
_aX8S31 _bWEE |
||
| 100 | _aWeerasekara, Upali Bandara | ||
| 245 | _aසඳ ගිනිගත් රාත්රිය | ||
| 246 | _aSanda Ginigath Rathriya | ||
| 260 |
_bNishantha Publishers _aGanemulla _c2003 |
||
| 300 | _a144p., 18 cm | ||
| 942 | _cBK | ||
| 999 |
_c72124 _d72124 |
||
| 003 | LK-CoDNM | ||
| 040 |
_aLK-CoDNM _dLK-CoDNM _eLK-CoDNM |
||